UBT Library

Computer Applications and Concepts (Record no. 55264)

000 -LEADER
fixed length control field 00330nam a22001457a 4500
008 - FIXED-LENGTH DATA ELEMENTS--GENERAL INFORMATION
fixed length control field 210226b ||||| |||| 00| 0 eng d
020 ## - INTERNATIONAL STANDARD BOOK NUMBER
International Standard Book Number 9781285096193
041 ## - LANGUAGE CODE
Language code of text/sound track or separate title eng
080 ## - UNIVERSAL DECIMAL CLASSIFICATION NUMBER
Universal Decimal Classification number 004
082 ## - DEWEY DECIMAL CLASSIFICATION NUMBER
Classification number 004
100 ## - Rafti
Rafti 34
101 ## - Shkurtesa
Shkurtesa SHKI
245 ## - TITLE STATEMENT
Title Computer Applications and Concepts
Statement of responsibility, etc Pinard, Romer
942 ## - ADDED ENTRY ELEMENTS (KOHA)
Source of classification or shelving scheme
Item type Books
Holdings
Withdrawn status Lost status Source of classification or shelving scheme Damaged status Not for loan Collection code Permanent location Current location Shelving location Date acquired Total Checkouts Full call number Barcode Date last seen Price effective from Koha item type
          Koleksioni i përgjithshem UBT - Lipjan UBT - Lipjan Koleksioni i përgjithshem 02/26/2021   004 PIN 002-6000125 02/26/2021 02/26/2021 Books
          Koleksioni i përgjithshem UBT - Lipjan UBT - Lipjan Koleksioni i përgjithshem 03/03/2021   004 PIN 002-6000302 03/03/2021 03/03/2021 Books
          Koleksioni i përgjithshem UBT - Lipjan UBT - Lipjan Koleksioni i përgjithshem 04/29/2021   004 PIN 002-7002563 04/29/2021 04/29/2021 Books
UBT Library © 2015-2024. All rights reserved University Education for Business and Technology